| 000 | 00536nam a22001577a 4500 | ||
|---|---|---|---|
| 003 | macl | ||
| 005 | 20241018151804.0 | ||
| 008 | 241018b |||||||| |||| 00| 0 eng d | ||
| 040 | _cmacl | ||
| 082 | _a370 | ||
| 100 |
_aदीक्षित संजीव _982516 |
||
| 245 | _aMPESB प्राथमिक शिक्षक [ पात्रता परिक्षा ] | ||
| 260 |
_aनई दिल्ली _bअरिहंत पब्लिकैशन _c2024 |
||
| 650 |
_acomption book _982517 |
||
| 942 |
_2ddc _cC. BOOKS |
||
| 999 |
_c67054 _d67054 |
||